[Event "BCF-chT4S 1819 (4NCL)"]
[Site "England"]
[Date "2019.01.13"]
[Round "4.46"]
[White "Gregory, Andrew M"]
[Black "Miller, Max C"]
[Result "0-1"]
[WhiteElo "1951"]
[BlackElo "1697"]
[PlyCount "84"]
[EventDate "2018.11.17"]
[EventType "team-swiss"]
[EventRounds "11"]
[EventCountry "ENG"]
[SourceTitle "EXT 2021"]
[Source "ChessBase"]
[SourceDate "2020.10.23"]
[SourceVersion "1"]
[SourceVersionDate "2020.10.23"]
[SourceQuality "1"]
[WhiteTeam "West is Best III"]
[BlackTeam "MK Phoenix II"]
[WhiteTeamCountry "ENG"]
[BlackTeamCountry "ENG"]

1. b3 Nf6 2. Bb2 e6 3. Nf3 c5 4. d3 d5 5. Nbd2 b6 6. e3 Bb7 7. Be2 Bd6 8. c4 Nbd7 9. 0-0 0-0 10. d4 Rc8 11. Rc1 cxd4 12. exd4 Bf4 13. Rc2 dxc4 14. bxc4 Bc6 15. Ne5 Nxe5 16. dxe5 Nd7 17. Bf3 Bxe5 18. Bxc6 Rxc6 19. Bxe5 Nxe5 20. Qe2 Qd3 21. Qxd3 Nxd3 22. Rd1 Rfc8 23. a3 Ne5 24. f4 Ng4 25. Rc3 Kf8 26. Rd3 Ke7 27. Ne4 Nf6 28. Nd6 Rxd6 29. Rxd6 Nd5 30. Rxe6+ fxe6 31. cxd5 Rd8 32. Rc1 Rxd5 33. Rc3 Rc5 34. Rd3 a5 35. Kf2 Kf6 36. Kf3 b5 37. Rb3 a4 38. Rd3 Rc2 39. h4 Rb2 40. g4 Rb3 41. Ke4 Rxd3 42. Kxd3 h5 0-1

[Event "Frome op"]
[Site "Frome"]
[Date "2018.05.19"]
[Round "3"]
[White "Adaway, William"]
[Black "Gregory, Andrew M"]
[Result "1-0"]
[WhiteElo "1864"]
[BlackElo "1973"]
[PlyCount "67"]
[EventDate "2018.05.18"]
[EventType "swiss"]
[EventRounds "5"]
[EventCountry "ENG"]
[SourceTitle "CBM 184 Extra"]
[Source "ChessBase"]
[SourceDate "2018.06.28"]
[SourceVersion "1"]
[SourceVersionDate "2018.06.28"]
[SourceQuality "1"]

1. e4 c5 2. Nc3 Nc6 3. g3 g6 4. Bg2 Bg7 5. d3 Nf6 6. Nge2 0-0 7. 0-0 d6 8. f4 Rb8 9. h3 Nd4 10. Rb1 e5 11. Nd5 Nxd5 12. exd5 f5 13. c3 Nxe2+ 14. Qxe2 b5 15. fxe5 dxe5 16. Be3 Bb7 17. Bxc5 Re8 18. c4 bxc4 19. dxc4 Rc8 20. b4 a5 21. a3 axb4 22. axb4 e4 23. Qe3 h5 24. g4 hxg4 25. hxg4 Qh4 26. gxf5 Ba6 27. Rf4 Qg5 28. Rxe4 Qxe3+ 29. Rxe3 Bxc4 30. fxg6 Rxe3 31. Bxe3 Bd3 32. Rd1 Bxg6 33. d6 Bf5 34. d7 1-0

[Event "Frome op"]
[Site "Frome"]
[Date "2018.05.19"]
[Round "5"]
[White "Gregory, Andrew M"]
[Black "Martin, Lewis"]
[Result "0-1"]
[WhiteElo "1973"]
[BlackElo "2109"]
[PlyCount "56"]
[EventDate "2018.05.18"]
[EventType "swiss"]
[EventRounds "5"]
[EventCountry "ENG"]
[SourceTitle "CBM 184 Extra"]
[Source "ChessBase"]
[SourceDate "2018.06.28"]
[SourceVersion "1"]
[SourceVersionDate "2018.06.28"]
[SourceQuality "1"]

1. d4 d5 2. Nf3 Nf6 3. e3 c6 4. Be2 Bf5 5. 0-0 e6 6. Ne5 h5 7. Nd2 Nbd7 8. f4 Bd6 9. c4 h4 10. c5 Bxe5 11. fxe5 Ne4 12. Nxe4 Bxe4 13. Bf3 f5 14. Bxe4 dxe4 15. Qb3 Rh6 16. Rxf5 exf5 17. Qg8+ Nf8 18. Qxg7 Rh7 19. Qg8 Qe7 20. Bd2 Rg7 21. Qc4 Qg5 22. Qf1 0-0-0 23. Re1 Ne6 24. Re2 Rdg8 25. b4 Nc7 26. Rf2 Nd5 27. Qe2 Qg4 28. Qf1 f4 0-1

[Event "BCF-chT2b 1718 (4NCL)"]
[Site "England"]
[Date "2018.02.10"]
[Round "5.66"]
[White "Gregory, Andrew M"]
[Black "Hynes, Anthony"]
[Result "1/2-1/2"]
[WhiteElo "1998"]
[BlackElo "2170"]
[PlyCount "42"]
[EventDate "2017.11.11"]
[EventType "team-tourn"]
[EventRounds "7"]
[EventCountry "ENG"]
[SourceTitle "EXT 2020"]
[Source "ChessBase"]
[SourceDate "2019.10.17"]
[SourceVersion "1"]
[SourceVersionDate "2019.10.17"]
[SourceQuality "1"]
[WhiteTeam "West is Best II"]
[BlackTeam "Warwicks Select"]
[WhiteTeamCountry "WLS"]
[BlackTeamCountry "ENG"]

1. d4 d5 2. Nf3 Nf6 3. e3 e6 4. Be2 Be7 5. 0-0 0-0 6. Ne5 Nbd7 7. f4 Nxe5 8. fxe5 Ne4 9. Nd2 Bd7 10. Nxe4 dxe4 11. c3 Bc6 12. a4 a5 13. b3 f6 14. exf6 gxf6 15. Ba3 Bxa3 16. Rxa3 Qe7 17. Ra2 Kh8 18. Bb5 Bxb5 19. axb5 b6 20. Qg4 f5 21. Qf4 Qd6 1/2-1/2

[Event "BCF-chT3Sb 1718 (4NCL)"]
[Site "England"]
[Date "2018.01.14"]
[Round "4.66"]
[White "Brown, Alan M"]
[Black "Gregory, Andrew M"]
[Result "1/2-1/2"]
[WhiteElo "1968"]
[BlackElo "2014"]
[PlyCount "48"]
[EventDate "2017.11.11"]
[EventType "team-tourn"]
[EventRounds "11"]
[EventCountry "ENG"]
[SourceTitle "EXT 2020"]
[Source "ChessBase"]
[SourceDate "2019.10.17"]
[SourceVersion "1"]
[SourceVersionDate "2019.10.17"]
[SourceQuality "1"]
[WhiteTeam "MK Phoenix"]
[BlackTeam "West is Best III"]
[WhiteTeamCountry "ENG"]
[BlackTeamCountry "WLS"]

1. d4 d5 2. c4 e6 3. Nf3 Nf6 4. Bg5 Be7 5. e3 Ne4 6. Bxe7 Qxe7 7. Bd3 0-0 8. 0-0 Nd7 9. Nc3 Nxc3 10. bxc3 b6 11. cxd5 exd5 12. Bb5 Bb7 13. Qa4 Rfd8 14. Bc6 Bxc6 15. Qxc6 Nf6 16. c4 dxc4 17. Rac1 Qd6 18. Rxc4 Qxc6 19. Rxc6 Nd5 20. a3 f6 21. Rfc1 Re8 22. Kf1 Rad8 23. Nd2 a5 24. Nb1 Rd7 1/2-1/2

[Event "BCF-chT4 1516 (4NCL)"]
[Site "England"]
[Date "2015.11.14"]
[Round "1.99"]
[White "Davis, Lee"]
[Black "Gregory, Andrew M"]
[Result "1-0"]
[WhiteElo "1967"]
[BlackElo "1960"]
[PlyCount "81"]
[EventDate "2015.11.14"]
[EventType "team-swiss"]
[EventRounds "11"]
[EventCountry "ENG"]
[SourceTitle "EXT 2017"]
[Source "ChessBase"]
[SourceDate "2016.10.25"]
[SourceVersion "1"]
[SourceVersionDate "2016.10.25"]
[SourceQuality "1"]
[WhiteTeam "The Full Ponty"]
[BlackTeam "West is Best II"]
[WhiteTeamCountry "ENG"]
[BlackTeamCountry "ENG"]

1. d4 Nf6 2. g3 d5 3. Bg2 g6 4. Nf3 Bg7 5. 0-0 0-0 6. c4 c6 7. cxd5 cxd5 8. Ne5 Nc6 9. Nxc6 bxc6 10. Nc3 Re8 11. Bf4 Nh5 12. Rc1 Nxf4 13. gxf4 Qd6 14. e3 Rb8 15. Na4 f6 16. Qc2 Bd7 17. Qc5 Rec8 18. b3 Rb7 19. Rc3 Rcb8 20. Qxd6 exd6 21. Rfc1 Kf8 22. Rxc6 Bxc6 23. Rxc6 Ke7 24. Bxd5 Kd7 25. Ra6 Rc7 26. Nb2 Rb5 27. Bc4 Rb6 28. Ra5 Bf8 29. Bd5 Be7 30. Nc4 Rb8 31. Ra6 Rb5 32. e4 f5 33. f3 fxe4 34. fxe4 Bf8 35. Kg2 Kc8 36. Kf3 Rxd5 37. exd5 Kb7 38. Ra4 Rf7 39. Na5+ Kb6 40. Nc4+ Kb5 41. a3 1-0

[Event "BCF-chT3 1415 (4NCL)"]
[Site "England"]
[Date "2015.05.02"]
[Round "9.99"]
[White "Gregory, Andrew M"]
[Black "Nandi, Robin J"]
[Result "1-0"]
[WhiteElo "1979"]
[BlackElo "1952"]
[PlyCount "53"]
[EventDate "2015.03.21"]
[EventType "team-swiss"]
[EventRounds "11"]
[EventCountry "ENG"]
[SourceTitle "EXT 2016"]
[Source "ChessBase"]
[SourceDate "2015.10.08"]
[SourceVersion "1"]
[SourceVersionDate "2015.10.08"]
[SourceQuality "1"]
[WhiteTeam "West is Best"]
[BlackTeam "Oxford II"]
[WhiteTeamCountry "ENG"]
[BlackTeamCountry "ENG"]

1. d4 Nf6 2. Nf3 d5 3. e3 e6 4. Be2 c5 5. 0-0 Nc6 6. Ne5 Nxe5 7. dxe5 Nd7 8. f4 f6 9. c4 fxe5 10. cxd5 Nf6 11. fxe5 Nxd5 12. Bb5+ Bd7 13. Qf3 Qe7 14. Bxd7+ Qxd7 15. e4 Nb4 16. Rd1 Qc7 17. Na3 Qxe5 18. Bf4 Qf6 19. Nb5 Na6 20. e5 Qf7 21. Rd6 g5 22. Rxa6 gxf4 23. Rxe6+ Kd8 24. Rd1+ Kc8 25. Rf6 Qe7 26. Nd6+ Kb8 27. Rf7 1-0